00505 2200205 4500001002100000005001500021008004100036020002200077035001900099041000700118082000800125090001400133100002200147700001900169245004200188260003100230300002200261500000600283650001000289INLIS00000000000420120241224112851241224||||||||| | ||| |||| || |  a978-602-7933-16-3 0010-1224004201 aid0 a813 a813 SUY b0 aSuyatna Pamungkas0 aF. Puspitasari00aKisah Cinta 4 Penjuru : Backpack Love aYogyakartabDe Teensc2013 a168 hlm.; 20,5 cm a1 0aNovel